The logo design idea book
| Main Author: | |
|---|---|
| Other Authors: | |
| Format: | Book |
| Published: |
United Kingdom :
Laurence King Publishing Ltd ,
2020
|
| Subjects: |
MARC
| LEADER | 00000cam a2200000 7i4500 | ||
|---|---|---|---|
| 001 | 0000278122 | ||
| 005 | 20201204162351.0 | ||
| 020 | |a 9781786274120 | ||
| 090 | 0 | 0 | |a 686.224 |b HEL |
| 100 | 1 | |a Heller, Steven | |
| 245 | 0 | 4 | |a The logo design idea book |c Steven Heller & Gail Anderson |
| 260 | |a United Kingdom : |b Laurence King Publishing Ltd , |c 2020 | ||
| 300 | |a 128p ; |c 20cm. | ||
| 650 | 0 | |a Branding (Marketing) | |
| 650 | 0 | |a Logotypes (Printing) | |
| 650 | 0 | |a Trademarks | |
| 700 | 1 | |a Anderson, Gail | |
| 999 | |a 00384661 |b BUKU |c PINJAMAN |e PERPUSTAKAAN KOMUNITI PETALING JAYA | ||